00720nam a2200241 a 4500001001300000003000900013005001700022008004100039020002600080082001500106100002200121245002500143260004300168300000900211500003500220505003400255650002100289700002200310902000800332942000700340952011600347999001500463nice12345678IN_TiNIC20260116013053.0050524s1998 lona grp 000 0 eng  a0415650 c876.8200a305.4bJEF aJeffery, Patricia aAppropriating Gender aLondon bRoutledge Chapman Hall c1998 a276p aincludes index and biblioraphy2 aAppendix, Bibliography, Index aWomen-Asia South1 aJeffery, Patricia bSRS cBK 001040708StackRoom-aHMIbHMId2007-03-20g876.82l0o305.4 JEFp018121r2007-03-20v876.82w2005-05-24yBK c9528d9528